| 000 | 00387nam a22001337a 4500 | ||
|---|---|---|---|
| 020 | _a0-87942-205-X | ||
| 082 | _a629.8321 SIN'K | ||
| 100 |
_aKOKOTOVIC, P. V, KHALID, H. K _967130 |
||
| 245 | _aSINGULAR PERTURBATIONS IN SYSTEMS AND CONTROL | ||
| 260 |
_aNEWYORK _bIEEE _c1986 |
||
| 300 | _a495P | ||
| 650 |
_aSYSTEM ANALYSIS CONTROL THEORY PERTURBATIONS STABILITY _967131 |
||
| 942 | _cBK | ||
| 999 |
_c574977 _d574977 |
||